|
|
|
|
| LEADER |
00746cam a2200205 7i4500 |
| 001 |
0000011607 |
| 005 |
20151104090000.0 |
| 005 |
##20151104112900.0 |
| 003 |
##MY-KlINT |
| 020 |
# |
# |
|a 9747102625
|
| 039 |
# |
9 |
|y 201511041129
|z VLOAD
|
| 090 |
0 |
0 |
|a R 398.80959
|b COM
|
| 245 |
0 |
0 |
|a Comparative study on the use of nursery rhymes and chants in ASEAN countries /
|c project director and ASEAN editor, Khunying Maenmas Chavalit.
|
| 260 |
# |
# |
|a Thailand:
|b ASEAN Committee on Culture and Information,
|c 1999.
|
| 300 |
# |
# |
|a 372p:
|b music;
|c 23cm.
|
| 650 |
# |
0 |
|a ASEAN Committee on Culture and Information
|
| 650 |
# |
0 |
|a Chants --
|x Southeast Asia
|
| 650 |
# |
0 |
|a Nursery rhymes
|
| 710 |
0 |
# |
|a Maenmas Chavalit, 1922-
|
| 999 |
|
|
|a 0000053502
|b BOOK
|c Main Non-Fiction
|e INTAN BK
|